00738nam a2200241Ia 450000500170000001000270001702000260004403500130007003500170008303700310010003700130013108200080014410000220015224500930017425000110026726000410027827000570031930000330037650000190040965000260042870000240045470000180047820150209150229.0 aBAC-EN21 ENG-111935 a9788126511143c699.00 aEN-95467 aB-586973-002 bAsian Book Centre/Venadpl bDBAD/PUB a546 aCotton, F. Albert aBasic inorganaic chemistry /bby F. Albert Cotton, Geoffrey Wilkinson [and] Paul L. Gaus a3rd ed c2014 (repr.)aNew DelhibJohn Wiley  a4435-36/7, Ansari Road, DaryaganjbNew Delhie110002 c23cm(pbk)axii,838p. :bill. aIncludes index aChemistry, Inorganic. aWilkinson, Geoffery aGaus, Paul L.